Modelovanie demontážnych procesov z hľadiska optimálnej využiteľnosti dožitého produktu
Hodnotenie environmentálnych parametrov výrobkov. Charakteristika demontážneho procesu. Technologický postup získavania a úpravy elektroodpadu.
Na minha lista:
| Autor principal: | |
|---|---|
| Outros Autores: | , |
| Formato: | Capítulo de Livro |
| Idioma: | eslovaco |
| Assuntos: | |
| Tags: |
Sem tags, seja o primeiro a adicionar uma tag!
|
MARC
| LEADER | 00000nla$a2200000$$$4500 | ||
|---|---|---|---|
| 001 | 0118166 | ||
| 005 | 20240502072325.2 | ||
| 041 | 0 | |a slo | |
| 044 | |a SK | ||
| 245 | 1 | 0 | |a Modelovanie demontážnych procesov z hľadiska optimálnej využiteľnosti dožitého produktu |c Miriam Pekarčíková, Denisa Bobková, Renáta Turisová |
| 520 | |a Hodnotenie environmentálnych parametrov výrobkov. Charakteristika demontážneho procesu. Technologický postup získavania a úpravy elektroodpadu. | ||
| 610 | 2 | 0 | |a ochrana prostredia životného |
| 610 | 2 | 0 | |a politika environmentálna |
| 610 | 2 | 0 | |a modelovanie |
| 610 | 2 | 0 | |a recyklácia odpadu |
| 610 | 2 | 0 | |a výrobky |
| 610 | 2 | 0 | |a parametre výrobkov technické |
| 100 | 1 | |a Pekarčíková, Miriam | |
| 700 | 1 | |a Bobková, Denisa, 1981- | |
| 700 | 1 | |a Turisová, Renáta | |